000 00779cam a22002294a 4500
005 20151202105608.0
008 990824s1999 ec b 001 0 spa
020 _a9978044914
040 _aDLC
_cDLC
_dDLC
_dCO-BoIAVH
041 0 _aspa
044 _aec
082 0 4 _a333.91802
_bM49l
245 0 0 _aListado bibliográfico sobre los páramos del Ecuador /
_ccompilado por Galo Medina y Esteban Suárez.
260 _aQuito, Ecuador :
_bEcoCiencia,
_c1999.
300 _aiii, 49 páginas ;
_c21 cm.
500 _aIncluye índice.
650 6 _aEcología de páramos
_zEcuador
_vBibliografías.
650 6 _aPáramos
_zEcuador
_vBibliografías.
700 1 _aMedina, Galo.
_eCompilador
700 1 _aSuárez, Esteban.
_eCompilador
942 _2ddc
_cLIBRO
999 _c1825
_d1825